000 00254nam a22001217a 4500
008 180905b xxu||||| |||| 00| 0 eng d
041 _aeng
080 _a572
100 _a24
101 _aANT
245 _aAnthropology
_cAngeloni .E
942 _2udc
_cBK
999 _c47549
_d47549